| 000 | 01072nam a22002537a 4500 | ||
|---|---|---|---|
| 005 | 20220217114611.0 | ||
| 008 | 220217b ||||| |||| 00| 0 eng d | ||
| 020 | _a9788128011269 | ||
| 040 | _cAloy | ||
| 041 | _akan | ||
| 082 |
_223 _a001.42K _bKALK |
||
| 100 |
_aM M Kalaburgi: ಎಂ ಎಂ ಕಲಬುರ್ಗಿ _920533 |
||
| 245 | _aKannada Grantha Sampadana Shastra: ಕನ್ನಡ ಗ್ರಂಥ ಸಂಪಾದನ ಶಾಸ್ತ್ರ | ||
| 260 |
_aBengaluru _bSapna Book House _c2019 |
||
| 300 |
_axii,281 p. _bPB _c21x14 cm. |
||
| 365 |
_2Journalism _aBLCR-000121 _b120.00 _c₹ _d150.00 _e20% _f120.00 _g16-02-2022 |
||
| 650 |
_aItihasakhanda: ಇತಿಹಾಸಕಾಂಡ _920534 |
||
| 650 |
_aLekhanakanda: ಲೇಖನಕಾಂಡ _920535 |
||
| 650 |
_aHastapratikanda: ಹಸ್ತಪ್ರತಿಕಾಂಡ _920536 |
||
| 650 |
_aSampadanakanda: ಸಂಪಾದನಕಾಂಡ _920537 |
||
| 650 |
_aSheshakanda: ಶೇಷಕಾಂಡ _920538 |
||
| 700 |
_aKALABURI (M M): ಕಲಬುರ್ಗಿ (ಎಂ ಎಂ) _920539 |
||
| 942 |
_2ddc _cBK |
||
| 999 |
_c221541 _d221541 |
||